Rozvoj zelenej ekonomiky v Slovenskej republike diplomová práca

Gespeichert in:
Bibliographische Detailangaben
1. Verfasser: Pavlák, Dárius
Körperschaft: Národohospodárska fakulta EU. Katedra sociálneho rozvoja a práce
Weitere Verfasser: Klimko, Roman, 1985-
Format: Buch
Sprache:Slowakisch
Veröffentlicht: Bratislava 2018
Tags: Tag hinzufügen
Keine Tags, Fügen Sie das erste Tag hinzu!

MARC

LEADER 00000nbm a2200000 4500
001 0244369
005 20181126132114.0
041 0 |a slo 
044 |a SK 
245 1 0 |a Rozvoj zelenej ekonomiky v Slovenskej republike  |b diplomová práca  |c Dárius Pavlák ; školiteľ: Roman Klimko 
264 1 |a Bratislava  |c 2018 
300 |a 73 s. 
100 1 |a Pavlák, Dárius 
700 1 |a Klimko, Roman, 1985- 
710 2 |a Národohospodárska fakulta EU. Katedra sociálneho rozvoja a práce